000 00334 a2200157 4500
001 179215
020 _a
040 _cMagnum
100 _aGuedes, Avelino
240 1 0 _aO sanduiche da Maricota
_lpor
245 1 0 _aO sanduiche da Maricota
362 0 _a1899
440 1 _aModerna
697 _aLITERATURA INFANTIL
942 _cBK
999 _c179215
_d179215